Arroz con leche : las canciones de la abuela /

Guardado en:
Autor Principal: Anónimo
Otros Autores: Longo, Alejandro; comp., Harrington Villaverde, Clara; il.
Formato: Libro
Publicado: Buenos Aires : Kumquat, 2013
Edición:4a. reimp.
Series:Colección de la abuela
Materias:
Etiquetas: Agregar Etiqueta
Sin Etiquetas, Sea el primero en etiquetar este registro!
LEADER 01301nam a22003255a 4500
001 CEM.cems015582
008 130507s2013##################000#0#####d
005 20250604143728.0
245 1 0 |a Arroz con leche :  |b las canciones de la abuela /  |c Anónimo ; compilado Por Alejandro Longo ; ilustrado Por Clara Harrington Villaverde 
250 |a 4a. reimp. 
260 |a Buenos Aires :  |b Kumquat,  |c 2013 
300 |a 24 p. + CD-ROM 
490 0 |a Colección de la abuela 
500 |a Incluye Cd-rom 
505 0 |a Aserrín, aserrán -- Tengo una muñeca --La farolera --Que llueva --Cuú, Cucú --Sobre el puente de Avignon --Arroz con leche --Las tres ovejas --Una señora iba --Se va la barca --Arre, caballito -- Arrorró Levántate Juana 
020 |a 9789879846049 
100 1 |a Anónimo 
700 1 |a Longo, Alejandro; comp. 
700 1 |a Harrington Villaverde, Clara; il. 
082 0 4 |a 808.8 
653 |a Literatura 
653 |a Literatura argentina 
653 |a Literatura infantil 
653 |a Canciones 
653 |a Rondas 
653 |a Poesía 
653 |a Poesía infantil 
653 |a Colección ciencias de la educación 
859 |a CEMS  |b BIB. CEMS - Inicial y Primaria  |h A861.4  |i L864-1  |k IP  |p 4130  |t Ej.1 
859 |a CEMS  |b BIB. CEMS - Ccias. Educacion  |h 808.8  |i Ar699  |k CE  |p 29001.19  |t Ej.1